Innovation and technology transfer for the growing firm Text and cases

محفوظ في:
التفاصيل البيبلوغرافية
المؤلف الرئيسي: Lowe, Julian
التنسيق: كتاب
اللغة:Undetermined
منشور في: Oxford Pergamon Press 1984
الموضوعات:
الوسوم: إضافة وسم
لا توجد وسوم, كن أول من يضع وسما على هذه التسجيلة!
Thư viện lưu trữ: Trung tâm Học liệu Trường Đại học Cần Thơ
LEADER 00578nam a2200205Ia 4500
001 CTU_86665
008 210402s9999 xx 000 0 und d
082 |a 343 
082 |b L913 
100 |a Lowe, Julian 
245 0 |a Innovation and technology transfer for the growing firm 
245 0 |b Text and cases 
245 0 |c Julian Lowe and Nick Crawford 
260 |a Oxford 
260 |b Pergamon Press 
260 |c 1984 
650 |a Technology transfer 
650 |x Law and legislation,Cases 
904 |i Năm 
980 |a Trung tâm Học liệu Trường Đại học Cần Thơ